Львівська кераміка (Запис № 574699)

МАРК-запис
000 -Лідер
fixed length control field 00550nam a22001937a 4500
001 - Контрольний номер
control field 2162214035923929
003 - Ідентифікатор контрольного номера
control field UA-OsUOA
005 - Дата та час останнього входження (трансакції)
control field 20230726111128.0
008 - Елементи даних фіксованої довжини – загальна інформація
fixed length control field 230726b un ||||| |||| 00| 0 ukr d
040 ## - Джерело каталогізації
Агенція оригінальної каталогізації UA-OsUOA
Мова каталогізації ukr
Агенція, яка здійснювала перезапис UA-OsUOA
Агенція, яка здійснювала модифікацію UA-OsUOA
041 ## - Код мови
Код мови тексту/ звукової доріжки чи окремого заголовка (П) ukr
080 ## - Індекс Універсальної десяткової класифікації
Індекс Універсальної десяткової класифікації (УДК) (НП) 738
090 ## - Локальний шифр розміщення
Класифікаційний індекс УДК 738
Авторський знак (НП) Г62
100 ## - Основне введення – ім’я особи
Ім’я особи (НП) Голубець О.
245 ## - Відомості про назву
Назва (НП) Львівська кераміка
Дані про відповідальність (НП) Орест Голубець
300 ## - Фізичний опис
Обсяг 117 с.
650 ## - Додаткове предметне введення – тематичний термін
Джерело заголовка чи терміна UDC
Тематичний термін чи географічна назва, як елемент введення (НП) 738 Художня кераміка. Гончарство
942 ## - Додаткові елементи входу (Коха)
Source of classification or shelving scheme Universal Decimal Classification
Тип елемента Koha Книги
Фонди
Стан вилучень Стан втрат Джерело класифікації або схеми стелажів Стан уражень Не для кредиту Код колекції Постійне місце розташування Поточне розміщення Дата придбання Джерело придбання Інвентарний номер Усього замовленно Повний номер виклику Штрих-код Дата останнього перегляду Ціна ефективна від Тип елемента Koha
    Universal Decimal Classification     Колекція Віри та Богдана Боднаруків Наукова бібліотека ІДУД Наукова бібліотека ІДУД 26/07/2023 Акт надходжень №3/05.07.2023 (від Боднаруків) 2140476   738 Г62 2140476 26/07/2023 26/07/2023 Книги